000 00657nam a2200217 u 4500
005 20240806063819.0
008 081119s2005 r 000 0 eng d
020 _a8478449116
035 _aUPN01000168004
049 _aCG
050 4 _aPZ78
_bD7.3
100 1 _aDragt, Tonke,
_d1930-
245 1 0 _aCarta al rey /
_cTonke Dragt ; tr. del neerlandés de María Lerma.
260 _aMadrid :
_bSiruela,
_c2005.
300 _a465 p.
440 4 _aLas tres edades ;
_v127
534 _pTítulo original:
_tDe brief voor de koning
650 4 _aLiteratura juvenil
_95153
650 0 _aCaballeros y caballería
_vLiteratura juvenil
_913703
905 _aLibro
999 _c140113
_d140113